00355nam a2200121Ia 45000010005000000080041000050820026000461000025000722450069000972600026001669010026001929990015002182154241024s9999 xx 000 0 und d aRD/338.82097293/OR74m aGermán E. Ornes C. 0aEl monopolio y su situación legal en la República Dominicana bAmigo del Hogarc1998 a8/3/2012 2:37:50 p.m. c9643d9643